• 首页
  • 本馆介绍
  • 公告通知
  • 最新文献
  • 馆藏检索
  • 电子资源
  • 读者导购
  • 参考咨询
  • 我的图书馆
  • 登录
  • 详细信息显示
  • 放入我的书架
  • 预约/预借图书
  • 作者相关作品
  • 分类相关作品
  • 丛书相关作品
  • 出版社相关作品

书目信息

  • 表格格式
  • 工作单格式
  • 卡片格式
题名:
地缘政治学
    
 
作者: (美)科恩(Cohen , S.B.) )著
分册:  
出版信息: 上海   上海社会科学院出版社  2014
页数: 475页
开本: 24cm
丛书名:
单 册:
中图分类: K901.4
科图分类:
主题词: 政治地理学--研究
电子资源:
ISBN: 978-7-80745-811-1
000 00894nam0 2200241 45
001 012001009248
005 20140101174816.0
010    @a978-7-80745-811-1@dCNY69.80
100    @a20110813d2011 em y0chiy0110 ea
101 0  @achi
102    @aCN@b310000
105    @ay z 000yy
106    @ar
200 1  @a地缘政治学@9di yuan zheng zhi xue@f(美)科恩(Cohen,S.B.)著
210    @a上海@c上海社会科学院出版社@d2014
215    @a475页@d24cm
330    @a本书立足现实对世界主要国家和地区进行历史的与当前的关系研究,为全球化时代的治国策略和治国目的提供知识基础,并预测25年内的世界政治趋势与国际关系。本版新增2003年以来的问题、事件,最新的数据资料等,内容具有现实意义。
606 0  @a政治地理学@x研究
690    @aK901.4@v4
701  0 @a(美)科恩(Cohen@9( mei ) ke en ( C o h e n@4)著
701  0 @aS.B.)@9S . B . )@4)著
801  2 @aCN@b上海新华@c20191020
905    @b1187469-72@dK901.4@e269@f4
    
    地缘政治学/(美)科恩(Cohen,S.B.)著.-上海:上海社会科学院出版社,2014
    475页;24cm
    
    
    ISBN 978-7-80745-811-1:CNY69.80
    本书立足现实对世界主要国家和地区进行历史的与当前的关系研究,为全球化时代的治国策略和治国目的提供知识基础,并预测25年内的世界政治趋势与国际关系。本版新增2003年以来的问题、事件,最新的数据资料等,内容具有现实意义。
●
相关链接 在E读中查询图书 在五车中查询图书 在当当中查询图书 在豆瓣中查询图书


正题名:地缘政治学     索取号:K901.4/269         预约/预借

序号 登录号 条形码 馆藏地/架位号 状态 备注
1 1187469   211874694   第二样本阅览室/ [索取号:K901.4/269] 在馆    
2 1187470   211874701   第二借阅区/ [索取号:K901.4/269] 在馆    
3 1187471   211874710   第二借阅区/ [索取号:K901.4/269] 在馆    
4 1187472   211874729   第二借阅区/ [索取号:K901.4/269] 在馆    
唐山师范学院图书馆 欢迎您!
大连网信软件有限公司© 版权所有